LIBRARY & INFORMATION CENTRE, KCAET, TAVANUR

ONLINE PUBLIC ACCESS CATALOGUE (OPAC)

Organic chemistry:a text book / (Record no. 3204)

MARC details
000 -LEADER
fixed length control field 00473cam a2200193ua 4500
041 ## - LANGUAGE CODE
Language code of text/sound track or separate title eng
082 ## - DEWEY DECIMAL CLASSIFICATION NUMBER
Classification number 547
Item number PAV/OR
100 ## - MAIN ENTRY--AUTHOR NAME
Personal name Pavlov, B .
245 ## - TITLE STATEMENT
Title Organic chemistry:a text book /
250 ## - EDITION STATEMENT
Edition statement 1 /
260 ## - PUBLICATION, DISTRIBUTION, ETC. (IMPRINT)
Place of publication Moscow :
Name of publisher Foreign Language Publishing House ,
Year of publication 1998.
300 ## - PHYSICAL DESCRIPTION
Number of Pages 568 ; .
700 1# - ADDED ENTRY--PERSONAL NAME
Personal name Terentyen, A .
942 ## - ADDED ENTRY ELEMENTS (KOHA)
Koha item type Books
Holdings
Withdrawn status Lost status Damaged status Home library Current library Date acquired Full call number Accession Number Koha item type
      KAUAET KAUAET 07/04/2012 547 PAV/OR 3672 Books
free website counter